| 000 | 00593nam a2200217Ia 4500 | ||
|---|---|---|---|
| 003 | GCL | ||
| 008 | 140319s9999 xx 000 0 ara d | ||
| 040 |
_aGCL / _cGCL |
||
| 082 | 0 | 4 |
_a861.9 _bل ل |
| 100 | 1 | _aلوركا | |
| 245 | 1 | 0 |
_aلوركا / _cلوركا |
| 700 | 1 | _aاحمد حسان | |
| 300 | _a96 ص | ||
| 490 | _a | ||
| 650 | 0 | 4 | _aالعصر الحديث |
| 650 | 0 | 4 | _aالادب الاسبانى |
| 650 | 0 | 4 | _aالشعر الاسبانى |
| 650 | 0 | 4 | _aالشعر الاسبانى المترجم |
| 650 | 0 | 4 | _aالادب الاسبانى المترجم |
| 942 |
_2ddc _cBK |
||
| 999 |
_c40409 _d40409 |
||